000 01067nabaa22002297a 4500
999 _c6168
_d6168
003 OSt
005 20260123211914.0
008 190701b xxu||||| |||| 00| 0 spa d
040 _cPJ
100 _94985
_aSabalua, Francisco M.
245 1 3 _aLa necesidad del patrocinio letrado obligatorio en los sumarios administrativos /
_cFrancisco M. Sabalua, Lisandro Emmanuel Omar Erreguerena.
300 _ap. 264-271
500 _aCita: TR LALEY AR/DOC/451/2024
505 _aSumario: I. Introducción.— II. La tutela administrativa efectiva en el procedimiento disciplinario de sumario administrativo.— III. Conclusiones.
505 _t¿Te interesa el texto completo? Comunicate al correo: koha@justierradelfuego.gov.ar
650 0 _9211
_aDERECHO ADMINISTRATIVO
650 0 _92019
_aSUMARIO ADMINISTRATIVO
650 0 _93637
_aTUTELA JUDICIAL EFECTIVA
700 _96880
_aErreguerena, Lisandro Omar Emmanuel
773 0 _02842
_93251
_dBuenos Aires : AbeledoPerrot, 2012-
_oDA121
_tDerecho administrativo. Nº 152 marzo/abril 2024
_z18510590
942 _2udc
_cANA